Una historia de Dios : (Record no. 142461)

MARC details
000 -CABECERA
campo de control de longitud fija 00770nam a2200217 a 4500
005 - FECHA Y HORA DE LA ÚLTIMA TRANSACCIÓN
campo de control 20210223131001.0
008 - ELEMENTOS DE LONGITUD FIJA--INFORMACIÓN GENERAL
campo de control de longitud fija 041022s2006 es r 000 0 spa d
020 ## - NÚMERO INTERNACIONAL NORMALIZADO PARA LIBROS
Número Internacional Estándar del Libro 8449318769
035 ## - NÚMERO DE CONTROL DEL SISTEMA
Número de control de sistema UPN01000170356
049 ## - COLECCIÓN
Colección CG
050 #4 - SIGNATURA TOPOGRÁFICA DE LA BIBLIOTECA DEL CONGRESO
Número de clasificación BL80.2
Número de documento/Ítem A7.3a
100 1# - ASIENTO PRINCIPAL--NOMBRE PERSONAL
Nombre de persona Armstrong, Karen,
Fechas asociadas al nombre 1944-
9 (RLIN) 31488
245 14 - MENCIÓN DE TÍTULO
Título Una historia de Dios :
Resto del título 4000 años de búsqueda en el judaísmo, el cristianismo y el islam /
Mención de responsabilidad, etc. Karen Armstrong ; tr. María del Carmen Blanco Moreno.
260 ## - PUBLICACIÓN, DISTRIBUCIÓN, ETC.
Lugar de publicación, distribución, etc. Barcelona, Esp. :
Nombre del editor, distribuidor, etc. Paidós,
Fecha de publicación, distribución, etc. 2006.
300 ## - DESCRIPCIÓN FÍSICA
Extensión 565 p.
440 #0 - MENCIÓN DE SERIE/ASIENTO SECUNDARIO--TÍTULO
Título Surcos ;
Designación de volumen o secuencia 23
534 ## - NOTA SOBRE LA VERSIÓN ORIGINAL
Frase introductoria Traducción de:
Mención de título del original A history of God : the 4000-year quest of judaism, christianity and islam
650 #4 - ASIENTO SECUNDARIO DE MATERIA - TERMINO TEMATICO
Término de materia o nombre geográfico como elemento de entrada RELIGIONES
9 (RLIN) 13737
650 #4 - ASIENTO SECUNDARIO DE MATERIA - TERMINO TEMATICO
Término de materia o nombre geográfico como elemento de entrada RELIGION -
Subdivisión general HISTORIA
9 (RLIN) 13284
905 ## - TIPO DE MATERIAL
Tipo de material Libro
Holdings
Estado de retiro Estado de pérdida Fuente del sistema de clasificación o colocación Estado dañado No para préstamo Código de colección Localización permanente Ubicación/localización actual Ubicación en estantería Total de préstamos Clasificación Código de barras Fecha visto por última vez Número de copia Tipo de ítem Koha
    Library of Congress Classification     Colección General Bib. Gregorio Torres Quintero Bib. Gregorio Torres Quintero Planta baja 7 BL80.2 A7.3a 259939 31/12/2020 1 Libro